Is That Person British?-Sudden Death - Statistics

General Stats
  • This quiz has been taken 153 times
    149 since last reset
  • The average score is 5 of 10
Answers on the Grid
Answers color-coded by a green-red scale on the quiz's grid according to % correct below.
John Lennon
Elon Musk
JK Rowling
Tony Blair
Benedict Cumberbatch
Rudyard Kipling
Winston Churchill
Garth Brooks
Bono
Van Morrison
George Handel
George Best
Gustav Holst
Jim Corbett
Jane Goodall
Patrick Henry
David Beckham
Brian Mulroney
 
Answer Stats
Answer % Correct
John Lennon
92%
JK Rowling
86%
Benedict Cumberbatch
72%
Winston Churchill
72%
Tony Blair
66%
David Beckham
64%
George Best
28%
Jane Goodall
28%
Van Morrison
19%
Gustav Holst
7%
No matching quizzes found
Score Distribution
Percent of People with Each Score
Percentile by Number Answered
Your Score History
You have not taken this quiz since the last reset